| 000 | 00835cam a2200181 4500 | ||
|---|---|---|---|
| 001 | WS115638 | ||
| 008 | 011120n 000 0 eng u | ||
| 035 | _a(Sirsi) u115638 | ||
| 110 |
_aAssociation of Chief Estates Surveyors and Property Managers in Local Government _94170 |
||
| 245 | _aAssociation of Chief Estates Surveyors and Property Managers in Local Government | ||
| 520 | _aWeb site for this organisation which represents the chief estates and property management professionals in local authorities. Includes details of publications and meetings. | ||
| 650 | _aORGANISATION | ||
| 650 |
_aProperty management _96262 |
||
| 650 | _aLOCAL AUTHORITIES | ||
| 690 | _aMANAGEMENT-BUSINESS MANAGEMENT-PROFESSIONAL PRACTICE | ||
| 856 | 4 | 0 |
_uhttps://www.aces.org.uk _zView the website free of charge at www.aces.org.uk... |
| 942 | _n0 | ||
| 999 |
_c119953 _d119953 |
||